000
00332 a2200169 4500
001
190050
020
_a
978-85-08-14263-7
040
_c
Magnum
100
_a
Brenman, Ilan
240
1
0
_a
O alvo
_l
por
245
1
0
_a
O alvo
300
_a
32
362
0
_a
2012
440
1
_a
Ática
697
_a
LITERATURA INFANTIL
942
_c
BK
999
_c
190050
_d
190050